Tempos TUCANO - Statistics

Estatísticas Gerais
  • Esse quiz foi jogado 721 vezes
  • A pontuação média é 33 de 41
Estatísticas das Respostas
Hint Resposta % Correto
Trend Vector (segundos) 6
93%
HDG (segundos) 10
92%
Advisory (segundos) 30
91%
TEMPO FAROL DE POUSO NO SOLO (minutos) 2
86%
PISTOLA DROGUE (segundos) 0.5
85%
POTÊNCIA DO FAROL DE POUSO (W) 450
85%
POTENCIA DO FAROL DE TÁXI (W) 450
85%
BUG ALT PRETO + SOM (FT) 1000
84%
BUG ALT CIANO + SOM (FT) 200
84%
INDICADOR DE CURVA PADRÃO (KT e graus) 210-30
84%
STUCK MICROPHONE (segundos) 30
84%
DESVIO MÁX INDICADOR DE CURVA E DERRAPAGEM (graus) 7
84%
UNIDADE DE RETRAÇÃO DOS SUSPENSÓRIOS (segundos) 0.2
83%
APROX (NM) 0.3
83%
TERM (NM) 1
83%
ALCANCE LUZ ANTI-COLISÃO (NM) 15
83%
ENR/OCN (NM) 2
83%
UNIDADE BAROSTATICA DE RETARDO (Abixo de 16.400) (segundos) 1.5
82%
IDENT (segundos) 18
82%
VOR DEFLEXÃO MAX (graus) +-10
80%
BUG ALT AMRELO + SOM (FT) 200
80%
SETA VERMELHA PFD CABRAR (graus) 50-80
80%
T5 MAX MARCHA LENTA 685
80%
TLE VIDA ÚTIL EM MESES 18
79%
SETA VERMELHA MFI PICAR (graus) 20
79%
TLE TEMPO MÁX CONTÍNUO EM H 48
79%
WIND CALM MENOR OU IGUAL (em kt) 2,5
78%
SETA VERMELHA PFD PICAR (graus) 30-80
78%
TLE FREQ 121,5 243
77%
FREQ STBY (Após selecionada) (segundos) 30
77%
SETA VERMELHA MFI CABRAR (graus) 40
77%
NÚMERO DE PERFIS CREW PROFILE 7
76%
CAMPO AGL (LIMITE MÁX E N° DE SAT) 2500-4
75%
GTN NEAREST (n° de pontos e raio em NM) 25-200
74%
POUSO COM TREM PARCIAL (LB REMANESCENTES) 150
73%
TURN RATE (graus) 4
73%
VIDEO REVERSO (segundos) 5
72%
NH MÁX DO REVERSO EM RPM 1892
71%
DECLUTTER PICAR - CABRAR - INCLINAÇÃO (graus) 20-30-65
71%
LUZ BAIXO NIVEL COMB EM MAC TEMPO PARA TESTE (segundos) 40
70%
RETORNO DA PISTA (CURVA, KIAS e GANHO) 30-90-400
68%
Nenhum quiz correspondente encontrado
Distribuição das Pontuações
Porcentagem de Pessoas com Cada Pontuação
Percentil de Números Respondidos
Sua Pontuação Histórica
Você não jogou esse quiz